000 00751nam a2200265Ia 4500
003 OSt
005 20221005062233.0
006 a|||||r|||| 00| 0
007 ta
008 221004b |||||||| |||| 00| 0 eng d
020 _a9780415355551 (pbk)
_c2155.38
024 _a87415
037 _b0847, 16/03/2007, Knowledge World
_cTextual
040 _aCRL
_cCRL
_beng
041 _2eng
_aeng
082 _aP:(T:3,32), P7
100 _aWei Li Ed.
_932428
245 0 _aThe Bilingualism reader
250 _a2nd
260 _aLondon
_bRoutledge UK
_c2007
300 _axiii, 573p.
_ccm.
650 _aLINGUISTICS
942 _hP:(T:3,32), P7
_cTEXL
_2cc
999 _c969399
_d969399